| 000 | 00510nam a22001697a 4500 | ||
|---|---|---|---|
| 005 | 20230119110556.0 | ||
| 008 | 200225b xxu||||| |||| 00| 0 eng d | ||
| 020 | _a978-93-87964-94-5 | ||
| 041 | _aeng | ||
| 082 | _a612 | ||
| 100 |
_aGARG, KRISHNA AND JOSHI, MEDHA. / SARAN, MEENAKSHI, SARAN _95146 |
||
| 245 | _aANATOMY AND PHYSIOLOGY :THEORY AND PRACTICAL FOR DIPLOMA IN PHARMACY STUDENTS | ||
| 260 |
_aNEW DELHI _bCBS |
||
| 300 | _a286p, | ||
| 650 |
_aPHARMACY _xD.PHARMA & B.PHARMACY _97481 |
||
| 942 | _cBK | ||
| 999 |
_c6048 _d6046 |
||